General phonetics : (Record no. 63895)
[ view plain ]
| 000 -LEADER | |
|---|---|
| fixed length control field | 00807cam7a220021700 4500 |
| 001 - CONTROL NUMBER | |
| control field | qce01490463 |
| 005 - DATE AND TIME OF LATEST TRANSACTION | |
| control field | 20190815102201.0 |
| 008 - FIXED-LENGTH DATA ELEMENTS--GENERAL INFORMATION | |
| fixed length control field | 820506c19691950wiua 001 0 eng d |
| 035 ## - SYSTEM CONTROL NUMBER | |
| System control number | (Sirsi) r77378 |
| 035 ## - SYSTEM CONTROL NUMBER | |
| System control number | (QCAT)lss03405989 |
| 035 ## - SYSTEM CONTROL NUMBER | |
| System control number | (UPRA)qce01490463 |
| 040 ## - CATALOGING SOURCE | |
| Modifying agency | UPRA |
| 100 1# - MAIN ENTRY--PERSONAL NAME | |
| Personal name | Heffner, R. M. S. (Roe-Merrill Secrist), 1892- |
| Fuller form of name | Heffner, R. M. S. (Roe-Merrill Secrist), 1892- |
| Dates associated with a name | Heffner, R. M. S. (Roe-Merrill Secrist), 1892- |
| Linkage | A37329.1 |
| 245 10 - TITLE STATEMENT | |
| Title | General phonetics : |
| Remainder of title | by R.M.S. Heffner ; with a foreword by W.F. Twaddell. |
| 260 ## - PUBLICATION, DISTRIBUTION, ETC. | |
| Place of publication, distribution, etc. | Madison : |
| Name of publisher, distributor, etc. | University of Wisconsin Press, |
| Date of publication, distribution, etc. | 1969, c1950. |
| 500 ## - GENERAL NOTE | |
| General note | First published 1950. |
| 504 ## - BIBLIOGRAPHY, ETC. NOTE | |
| Bibliography, etc. note | Includes bibliographical references and index. |
| 949 ## - LOCAL PROCESSING INFORMATION (OCLC) | |
| a | P221 |
| w | lcc |
| m | MAIN |
| t | BOOK |
| l | ON-SHELF |
| 987 ## - LOCAL ROMANIZATION/CONVERSION HISTORY (OCLC) | |
| Romanization/conversion identifier | WITHDRAWN. |
No items available.